Textes francais : niveau 1 : livre du professeur
Αποθηκεύτηκε σε:
| Κύριος συγγραφέας: | |
|---|---|
| Άλλοι συγγραφείς: | |
| Μορφή: | Βιβλίο |
| Γλώσσα: | French |
| Δημοσίευση: |
Paris :
CLE,
1983
|
| Σειρά: | Le francais sans frontieres
|
| Θέματα: | |
| Ετικέτες: |
Προσθήκη ετικέτας
Δεν υπάρχουν, Καταχωρήστε ετικέτα πρώτοι!
|
MARC
| LEADER | 00000nam a2200000 i 4500 | ||
|---|---|---|---|
| 001 | 1/6755 | ||
| 008 | 000616s1983 fre d | ||
| 020 | |a 2-19-033072-6 | ||
| 035 | |l 10062046 | ||
| 040 | |a GR-MY-UA |b gre |e aacr | ||
| 041 | 0 | |a fre | |
| 082 | 0 | |a 448.24 | |
| 100 | 1 | |a Baylon, Christian. | |
| 245 | 1 | 0 | |a Textes francais : |b niveau 1 : livre du professeur / |c Christian Baylon; Line Laffond ; illustration Denise Chabot |
| 260 | |a Paris : |b CLE, |c 1983 | ||
| 300 | |a 159 p. | ||
| 490 | 1 | |a Le francais sans frontieres | |
| 650 | 0 | 0 | |a French language |x Textbooks for foreign speakers. |
| 650 | 0 | 0 | |a French language |x Grammar |x Problems, exercises, etc. |
| 700 | 1 | |a Laffond, Line. | |
| 830 | 0 | |a Le francais sans frontieres | |
| 852 | |a INST |b RHODES |e 20000616 |h 448.24 BAY |p 005400008622 |q 005400008622 |t BK |y 0 | ||
| 909 | |a Ρ |b 013761 | ||
| 922 | |a 4ΕΛΗ |b 198806 |c ΧΡΙΣΤΟΔΟΥΛΙΔΟΥ | ||
| 970 | |z 2000/06/LITSA | ||